[Event "ICS rated blitz match"]
[Site "207.99.83.229"]
[Date "1999.07.17"]
[Round "?"]
[White "Hossa"]
[Black "Zavros"]
[Result "1-0"]
[WhiteElo "2403"]
[BlackElo "2293"]
[PlyCount "111"]
[EventDate "1999.??.??"]

1. d4 d5 2. c4 dxc4 3. e4 c5 4. d5 e6 5. Nc3 exd5 6. Qxd5 Nc6 7. Qxd8+ Nxd8 8.
Bxc4 Be6 9. Bb5+ Bd7 10. Bxd7+ Kxd7 11. Nf3 a6 12. O-O f6 13. Nd5 Kc6 14. Nd2
b5 15. a4 bxa4 16. Nc4 Ne7 17. Na5+ Kb5 18. Nc7+ Kxa5 19. Nxa8 Ne6 20. Rd1 Nd4
21. Be3 Nec6 22. Nc7 Bd6 23. Nd5 Rb8 24. Bd2+ Kb5 25. Nc3+ Kc4 26. Rxa4+ Kb3
27. Bc1 Nb4 28. Ra1 Nbc2 29. Rxa6 Be7 30. Ra7 Bf8 31. Rd7 Ra8 32. f4 Ra1 33.
Rf7 Ra8 34. e5 fxe5 35. fxe5 c4 36. Kf2 Bc5 37. Ne4 Bb6 38. Rb7 Ra6 39. Nc5+
Ka2 40. Nxa6 Ba5 41. Rxg7 c3 42. bxc3 Bxc3 43. Rxh7 Ne6 44. Re7 Bd4+ 45. Kf3
Nc5 46. Nxc5 Bxc5 47. Rb7 Nb4 48. Rd2+ Kb3 49. e6 Kc4 50. e7 Bxe7 51. Rxe7 Nd3
52. Rc7+ Nc5 53. Rc2+ Kd5 54. R2xc5+ Kd4 55. Bb2+ Kd3 56. Rd5# {
Zavros checkmated} 1-0

[Event "ICS rated blitz match"]
[Site "207.99.83.229"]
[Date "1999.07.17"]
[Round "?"]
[White "BeckyB"]
[Black "Hossa"]
[Result "1-0"]
[WhiteElo "2200"]
[BlackElo "2414"]
[PlyCount "83"]
[EventDate "1999.??.??"]

1. e4 Nf6 2. Nc3 d6 3. d4 Nbd7 4. g3 e5 5. Nge2 Be7 6. Bg2 O-O 7. O-O Nb6 8. h3
exd4 9. Nxd4 Bd7 10. a4 Qc8 11. Kh2 Bd8 12. a5 Nc4 13. b3 Nxa5 14. Bb2 Nc6 15.
Nde2 Re8 16. Nf4 Ne5 17. Nfd5 Nxd5 18. Nxd5 c6 19. Nf4 Qc7 20. Nh5 f6 21. f4
Nf7 22. Qd2 Qc8 23. Rad1 a5 24. e5 a4 25. exf6 a3 26. Ba1 g6 27. Ng7 Rf8 28. h4
Bb6 29. h5 Ba5 30. b4 Bc7 31. hxg6 hxg6 32. Bf3 Bg4 33. Qe2 Nh6 34. Kg2 Bh3+
35. Kh2 Bxf1 36. Rxf1 a2 37. Kg2 Bd8 38. Rh1 Nf5 39. Nxf5 gxf5 40. f7+ Kxf7 41.
Bd5+ Kg6 42. Qh5# {Hossa checkmated} 1-0

[Event "ICS rated blitz match"]
[Site "207.99.83.229"]
[Date "1999.07.17"]
[Round "?"]
[White "Hossa"]
[Black "flaoli"]
[Result "1-0"]
[WhiteElo "2413"]
[BlackElo "2047"]
[PlyCount "59"]
[EventDate "1999.??.??"]

1. d4 Nf6 2. c4 g6 3. Nc3 Bg7 4. e4 d6 5. f3 O-O 6. Be3 e5 7. Nge2 Nc6 8. Qd2
Nh5 9. d5 Ne7 10. g4 Nf4 11. Nxf4 exf4 12. Bxf4 f5 13. gxf5 gxf5 14. Rg1 Rf7
15. O-O-O Ng6 16. Bg5 Qf8 17. exf5 Bxf5 18. Re1 Re8 19. Rxe8 Qxe8 20. h4 Ne5
21. Be2 Bg6 22. f4 Nd7 23. h5 Bf5 24. Bh6 Kh8 25. Bxg7+ Rxg7 26. Qd4 Ne5 27.
Rxg7 Kxg7 28. fxe5 Qxe5 29. Qxe5+ dxe5 30. Nb5 {flaoli resigns} 1-0

[Event "ICS rated blitz match"]
[Site "207.99.83.229"]
[Date "1999.07.17"]
[Round "?"]
[White "Hossa"]
[Black "ulun"]
[Result "1-0"]
[WhiteElo "2422"]
[BlackElo "2196"]
[PlyCount "31"]
[EventDate "1999.??.??"]

1. d4 d5 2. c4 Nc6 3. Nf3 Bg4 4. e3 e5 5. Be2 e4 6. Ng1 Be6 7. Qb3 Na5 8. Qa4+
c6 9. Nc3 Nf6 10. cxd5 Bxd5 11. Bd2 b6 12. Nh3 a6 13. Nxd5 Qxd5 14. Rc1 Bd6 15.
b4 Nb7 16. Bc4 {ulun resigns} 1-0

[Event "ICS rated blitz match"]
[Site "207.99.83.229"]
[Date "1999.07.17"]
[Round "?"]
[White "ulun"]
[Black "Hossa"]
[Result "0-1"]
[WhiteElo "2189"]
[BlackElo "2429"]
[PlyCount "66"]
[EventDate "1999.??.??"]

1. d4 d5 2. Nf3 Nf6 3. e3 c5 4. Bd3 Nc6 5. c3 Bg4 6. h3 Bxf3 7. Qxf3 e6 8. O-O
Be7 9. a3 O-O 10. b4 cxd4 11. cxd4 e5 12. dxe5 Nxe5 13. Qe2 Nxd3 14. Qxd3 Rc8
15. Bb2 Ne4 16. Nd2 Bf6 17. Bxf6 Nxf6 18. Rfc1 Qd7 19. Nb3 Ne4 20. Rxc8 Rxc8
21. Rc1 Rxc1+ 22. Nxc1 Qc6 23. Ne2 Qc4 24. Nf4 Qa2 25. f3 Qf2+ 26. Kh1 Ng3+ 27.
Kh2 Nf1+ 28. Kh1 Nxe3 29. Qb5 Qe1+ 30. Kh2 Nf1+ 31. Kg1 Nd2+ 32. Kh2 Qe5 33. g3
33... Qe3 {ulun resigns} 0-1

[Event "ICS rated blitz match"]
[Site "207.99.83.229"]
[Date "1999.07.17"]
[Round "?"]
[White "ZhangN"]
[Black "Hossa"]
[Result "0-1"]
[WhiteElo "2316"]
[BlackElo "2435"]
[PlyCount "70"]
[EventDate "1999.??.??"]

1. d4 d5 2. Nf3 Nf6 3. Bf4 Bf5 4. e3 e6 5. Nbd2 Bd6 6. Bg5 O-O 7. Ne5 c5 8. c3
cxd4 9. exd4 h6 10. h4 hxg5 11. hxg5 Nh7 12. f4 Bxe5 13. dxe5 Qb6 14. Qh5 Qxb2
15. Rd1 Qxc3 16. Kf2 Qb2 17. g4 Bg6 18. Qh3 Rc8 19. f5 exf5 20. gxf5 Qd4+ 21.
Ke1 Qxe5+ 22. Be2 Bxf5 23. Qh4 Bd3 24. Rh2 Re8 25. Nf3 Qxe2+ 26. Rxe2 Bxe2 27.
Nd4 Bxd1+ 28. Kxd1 Re4 29. Qf2 Nxg5 30. Nf5 Re5 31. Qf4 f6 32. Nd6 b6 33. Qa4
Ne4 34. Nb5 Nc6 35. Nc7 35... Nc3+ {ZhangN resigns} 0-1

[Event "ICS rated blitz match"]
[Site "207.99.83.229"]
[Date "1999.07.17"]
[Round "?"]
[White "Hossa"]
[Black "GsverrirJ"]
[Result "1-0"]
[WhiteElo "2446"]
[BlackElo "2078"]
[PlyCount "45"]
[EventDate "1999.??.??"]

1. d4 Nf6 2. c4 c5 3. d5 b5 4. Nc3 b4 5. Na4 d6 6. Nf3 g6 7. a3 Bg7 8. axb4
cxb4 9. e3 a5 10. Bd3 O-O 11. O-O Nbd7 12. e4 Ba6 13. Bg5 Ng4 14. Nd2 Nge5 15.
Be2 h6 16. Bh4 Rc8 17. b3 Re8 18. f4 g5 19. fxg5 hxg5 20. Bxg5 Nb6 21. Ra2 Qd7
22. Nxb6 Qa7 23. Be3 {GsverrirJ resigns} 1-0

[Event "ICS rated blitz match"]
[Site "207.99.83.229"]
[Date "1999.07.17"]
[Round "?"]
[White "Hossa"]
[Black "pjwlscht"]
[Result "1-0"]
[WhiteElo "2449"]
[BlackElo "2245"]
[PlyCount "39"]
[EventDate "1999.??.??"]

1. d4 e6 2. c4 f5 3. Nc3 Nf6 4. e3 d5 5. cxd5 exd5 6. Bd3 c6 7. Nge2 Bd6 8. O-O
O-O 9. f3 Qe7 10. Qe1 Be6 11. Qh4 Nbd7 12. Nf4 g6 13. Nxe6 Qxe6 14. Qg5 Qe7 15.
Bxf5 Kh8 16. Bd3 Nh5 17. Qh6 Qg7 18. Qxg7+ Kxg7 19. e4 Bf4 20. exd5 {
pjwlscht resigns} 1-0

[Event "ICS rated blitz match"]
[Site "207.99.83.229"]
[Date "1999.07.17"]
[Round "?"]
[White "pjwlscht"]
[Black "Hossa"]
[Result "0-1"]
[WhiteElo "2237"]
[BlackElo "2457"]
[PlyCount "36"]
[EventDate "1999.??.??"]

1. Nf3 Nc6 2. c4 e5 3. Nc3 Nf6 4. d4 exd4 5. Nxd4 Bb4 6. Nxc6 Bxc3+ 7. bxc3
bxc6 8. Ba3 Rb8 9. g3 d6 10. Bg2 O-O 11. O-O Qe7 12. e3 Bf5 13. Qd2 Ne4 14.
Bxe4 Qxe4 15. f3 Qxc4 16. e4 Bh3 17. Rfb1 Qa6 18. Bc1 18... Qf1# {
pjwlscht checkmated} 0-1

[Event "ICS rated blitz match"]
[Site "207.99.83.229"]
[Date "1999.07.17"]
[Round "?"]
[White "Hossa"]
[Black "ulun"]
[Result "1-0"]
[WhiteElo "2464"]
[BlackElo "2125"]
[PlyCount "125"]
[EventDate "1999.??.??"]

1. d4 d6 2. c4 e6 3. e4 g6 4. Nf3 Bg7 5. Be2 Ne7 6. O-O b6 7. Nc3 Bb7 8. Bf4
Nd7 9. Qd2 h6 10. Rad1 a6 11. Qe3 Nf8 12. a4 a5 13. Ne1 g5 14. Bg3 Nfg6 15. f4
gxf4 16. Bxf4 Nxf4 17. Qxf4 Rf8 18. Bh5 Ng6 19. Qg4 Qe7 20. Bxg6 fxg6 21. Rxf8+
Kxf8 22. Qxg6 Kg8 23. Nf3 Rf8 24. Rf1 Qf7 25. Qg4 Bc8 26. Qg3 Qf4 27. Qe1 Qg4
28. Qf2 Qg6 29. e5 Bb7 30. Qg3 Qxg3 31. hxg3 Bxf3 32. gxf3 dxe5 33. d5 Kf7 34.
Kg2 Ke7 35. dxe6 Kxe6 36. Rd1 c6 37. Ne4 Rc8 38. Rd3 Bf8 39. Kh2 Bc5 40. Nxc5+
bxc5 41. Rd2 Rb8 42. Re2 Rb4 43. f4 Rxc4 44. Rxe5+ Kd6 45. Re2 Rxa4 46. Kh3 Rb4
47. Kh4 c4 48. Rd2+ Ke6 49. Kh5 Kf5 50. Rf2 Rb3 51. g4+ Ke4 52. Kxh6 c3 53.
bxc3 Rxc3 54. f5 Rb3 55. f6 Rb8 56. f7 c5 57. Re2+ Kd3 58. Re8 Rb6+ 59. Kg5 c4
60. f8=Q c3 61. Qf5+ Kd2 62. Qf2+ Kc1 63. Re1# {ulun checkmated} 1-0

[Event "ICS Rated blitz match"]
[Site "207.99.83.229"]
[Date "1999.07.17"]
[Round "?"]
[White "pjwlscht"]
[Black "Hossa"]
[Result "0-1"]
[WhiteElo "2212"]
[BlackElo "2468"]
[PlyCount "42"]
[EventDate "1999.??.??"]

1. Nf3 Nc6 2. d4 d5 3. b3 Nf6 4. Bb2 e6 5. e3 Bd6 6. Be2 O-O 7. O-O Ng4 8. h3
Nf6 9. Ne5 Qe7 10. f4 Ne4 11. Nd2 Ng3 12. Rf3 Qh4 13. Qe1 Nxe2+ 14. Qxe2 Ne7
15. Qf2 Qxf2+ 16. Kxf2 Ng6 17. c4 Nh4 18. Rg3 f6 19. Nef3 Nf5 20. Rg4 h5 21.
Rg6 21... Kh7 {pjwlscht resigns} 0-1

[Event "ICS rated blitz match"]
[Site "207.99.83.229"]
[Date "1999.07.17"]
[Round "?"]
[White "Hossa"]
[Black "ulun"]
[Result "1-0"]
[WhiteElo "2474"]
[BlackElo "2227"]
[PlyCount "46"]
[EventDate "1999.??.??"]

1. d4 f5 2. c4 Nf6 3. Nc3 b6 4. e3 Bb7 5. Nf3 e6 6. Bd3 Bb4 7. O-O Bxc3 8. bxc3
O-O 9. Ng5 h6 10. Nh3 Qe8 11. Ba3 d6 12. Nf4 e5 13. dxe5 dxe5 14. Bxf8 exf4 15.
Ba3 fxe3 16. Qe2 exf2+ 17. Rxf2 Qxe2 18. Bxe2 Be4 19. c5 Nbd7 20. Bc4+ Kh8 21.
Be6 Ne5 22. Bxf5 Nd3 23. Bxe4 23... Nxf2 {ulun resigns} 1-0

[Event "ICS rated blitz match"]
[Site "207.99.83.229"]
[Date "1999.07.17"]
[Round "?"]
[White "inmichess"]
[Black "Hossa"]
[Result "1-0"]
[WhiteElo "2392"]
[BlackElo "2480"]
[PlyCount "97"]
[EventDate "1999.??.??"]

1. e4 Nf6 2. e5 Nd5 3. Nc3 Nxc3 4. dxc3 e6 5. Qg4 h5 6. Qg3 d6 7. Bg5 f6 8.
exf6 gxf6 9. Be3 Kd7 10. Nf3 c6 11. O-O-O Kc7 12. Qg6 Nd7 13. Be2 Be7 14. Qf7
e5 15. Kb1 Qf8 16. Qg6 Rg8 17. Qxh5 Rxg2 18. Nh4 Rg8 19. Ng6 Qf7 20. Nxe7 Qxe7
21. Rdg1 Qd8 22. Qf7 Rf8 23. Qh7 Rh8 24. Qg7 f5 25. Bg5 Qg8 26. Be7 Qxg7 27.
Rxg7 Rh3 28. Rg6 d5 29. c4 d4 30. Bd6+ Kb6 31. c5+ Nxc5 32. Bxe5 d3 33. Bf1 Rf3
34. Bd4 d2 35. Bg2 Rf4 36. Be3 Rh4 37. Rd1 f4 38. Bxd2 Ne6 39. h3 Nf8 40. Rd6
Ne6 41. Bc3 Kb5 42. a4+ Kxa4 43. R1d5 cxd5 44. Rxd5 Rh5 45. Rxh5 Ng5 46. Rxg5
b5 47. Ka2 Be6+ 48. b3+ Bxb3+ 49. cxb3# {Hossa checkmated} 1-0

[Event "ICS Rated blitz match"]
[Site "207.99.83.229"]
[Date "1999.07.17"]
[Round "?"]
[White "Hossa"]
[Black "PostModernist"]
[Result "0-1"]
[WhiteElo "2460"]
[BlackElo "2584"]
[PlyCount "98"]
[EventDate "1999.??.??"]

1. d4 Nf6 2. c4 g6 3. Nc3 d5 4. cxd5 Nxd5 5. e4 Nxc3 6. bxc3 Bg7 7. Bc4 c5 8.
Ne2 Nc6 9. d5 Ne5 10. Bb5+ Bd7 11. Rb1 Bxb5 12. Rxb5 b6 13. O-O O-O 14. Bg5 Nc4
15. Rb1 Qd7 16. Qc1 Rfd8 17. Bh6 Bxh6 18. Qxh6 Qa4 19. Ra1 Na3 20. Ng3 Rab8 21.
Rac1 Nb5 22. Qg5 Rb7 23. Qd2 Qc4 24. Rfe1 Rbd7 25. Qh6 Qxa2 26. Nf1 Nd6 27. Re3
f5 28. Rh3 e5 29. dxe6 Qxe6 30. f3 fxe4 31. fxe4 Qxe4 32. Ng3 Qe7 33. Rf1 Nc4
34. Kh1 Ne3 35. Rg1 Rd1 36. Qh4 Rxg1+ 37. Kxg1 Rd1+ 38. Kf2 Ng4+ 39. Kf3 Rd3+
40. Kxg4 h5+ 41. Nxh5 Qe6+ 42. Kg5 Rd5+ 43. Kf4 Rf5+ 44. Kg3 Qe3+ 45. Kg4 Qe4+
46. Kg3 Qd3+ 47. Kg4 gxh5+ 48. Qxh5 Qe4+ 49. Kg3 49... Qf4# {Hossa checkmated}
0-1

[Event "ICS rated blitz match"]
[Site "207.99.83.229"]
[Date "1999.07.17"]
[Round "?"]
[White "Hossa"]
[Black "Lundbotanmats"]
[Result "1-0"]
[WhiteElo "2449"]
[BlackElo "1951"]
[PlyCount "26"]
[EventDate "1999.??.??"]

1. d4 d5 2. c4 c6 3. Nc3 Nf6 4. cxd5 cxd5 5. f3 a6 6. Bg5 Nbd7 7. Rc1 g6 8. e4
dxe4 9. fxe4 Bg7 10. e5 Nh5 11. g4 h6 12. Be3 Nxe5 13. dxe5 13... Qxd1+ {
Lundbotanmats resigns} 1-0

[Event "ICS rated blitz match"]
[Site "207.99.83.229"]
[Date "1999.07.17"]
[Round "?"]
[White "occam"]
[Black "Hossa"]
[Result "1-0"]
[WhiteElo "2335"]
[BlackElo "2451"]
[PlyCount "96"]
[EventDate "1999.??.??"]

1. Nf3 Nc6 2. d4 d5 3. e3 Nf6 4. c4 Bg4 5. cxd5 Qxd5 6. Nc3 Qd6 7. h3 Bh5 8.
Bb5 O-O-O 9. O-O Nb4 10. Qb3 Bxf3 11. gxf3 e5 12. dxe5 Qxe5 13. Qxf7 Nc2 14.
Rb1 Qg5+ 15. Kh2 Qf5 16. Qb3 Bd6+ 17. f4 Rhf8 18. Rd1 Bc5 19. e4 Qh5 20. Be2
Qh4 21. Qxc2 Qxf2+ 22. Kh1 Rxd1+ 23. Qxd1 Bd4 24. e5 Bxc3 25. bxc3 Ne4 26. Bg4+
Kb8 27. Rxb7+ Kxb7 28. Bf3 g6 29. Bxe4+ Kc8 30. Qd5 Qf1+ 31. Kh2 Qf2+ 32. Bg2
Rd8 33. Qe6+ Kb8 34. Qb3+ Qb6 35. Qf7 Qc5 36. e6 Rh8 37. e7 Qb5 38. c4 Qe8 39.
Qg7 a5 40. Qb2+ Kc8 41. Bc6 Qxc6 42. Qxh8+ Kb7 43. e8=Q Qxe8 44. Qxe8 Kb6 45.
Qb5+ Ka7 46. Be3+ Ka8 47. Qa6+ Kb8 48. Ba7+ 48... Ka8 {Hossa resigns} 1-0

[Event "ICS rated blitz match"]
[Site "207.99.83.229"]
[Date "1999.07.17"]
[Round "?"]
[White "matar"]
[Black "Hossa"]
[Result "0-1"]
[WhiteElo "2168"]
[BlackElo "2430"]
[PlyCount "68"]
[EventDate "1999.??.??"]

1. e4 Nf6 2. e5 Nd5 3. c4 Nb6 4. c5 Nd5 5. Nc3 Nxc3 6. dxc3 Nc6 7. Bf4 e6 8.
Qg4 Qe7 9. O-O-O Qxc5 10. Nf3 Qxf2 11. Bc4 Qc5 12. Bb3 a6 13. Bg3 Rb8 14. Qf4
f6 15. exf6 Bd6 16. f7+ Ke7 17. Qg5+ Qxg5+ 18. Nxg5 h6 19. Bxd6+ cxd6 20. Ne4
d5 21. Ng3 Rf8 22. Rhf1 Rxf7 23. Rxf7+ Kxf7 24. Rf1+ Kg8 25. Nh5 d4 26. cxd4
Nxd4 27. Bc4 b5 28. Bd3 Bb7 29. Bg6 Rc8+ 30. Kd2 Bxg2 31. Rf7 Nf3+ 32. Ke3 Ne5
33. Rxg7+ Kf8 34. Bb1 34... Bf3 {matar resigns} 0-1

[Event "ICS rated blitz match"]
[Site "207.99.83.229"]
[Date "1999.07.17"]
[Round "?"]
[White "Hossa"]
[Black "matar"]
[Result "0-1"]
[WhiteElo "2436"]
[BlackElo "2162"]
[PlyCount "41"]
[EventDate "1999.??.??"]

1. d4 d5 2. c4 e6 3. Nc3 c6 4. Bg5 Qxg5 5. e3 Qd8 6. Bd3 dxc4 7. Bxc4 b5 8.
Bxb5 cxb5 9. Qf3 Bb4 10. Qxa8 Qc7 11. O-O-O Bb7 12. Qxa7 Bxc3 13. Qc5 Qxc5 14.
dxc5 Bxg2 15. Ne2 Bxh1 16. Nxc3 Bf3 17. Rg1 b4 18. Nb5 g6 19. Rg3 Bc6 20. Nd6+
Ke7 21. Rg4 {Hossa resigns} 0-1

[Event "ICS rated blitz match"]
[Site "207.99.83.229"]
[Date "1999.07.17"]
[Round "?"]
[White "matar"]
[Black "Hossa"]
[Result "0-1"]
[WhiteElo "2189"]
[BlackElo "2409"]
[PlyCount "59"]
[EventDate "1999.??.??"]

1. e4 Nf6 2. e5 Nd5 3. c4 Nb6 4. c5 Nd5 5. Nc3 Nxc3 6. dxc3 Nc6 7. Nf3 g6 8.
Bf4 Bg7 9. Qd2 f6 10. exf6 Bxf6 11. O-O-O b6 12. Bc4 bxc5 13. Rhe1 Bb7 14. Bg5
Rf8 15. Bxf6 Rxf6 16. Qh6 Na5 17. Bg8 Bxf3 18. gxf3 Rb8 19. Bxh7 d6 20. Bxg6+
Kd7 21. Qh3+ e6 22. Bf7 Qe7 23. Bh5 Rh8 24. Re4 Rfh6 25. Rh4 Kc8 26. Re1 Qg5+
27. f4 Qf5 28. Qf3 Rxh5 29. Rg4 Kb8 30. Qg3 {matar resigns} 0-1

[Event "ICS rated blitz match"]
[Site "207.99.83.229"]
[Date "1999.07.17"]
[Round "?"]
[White "Hossa"]
[Black "matar"]
[Result "0-1"]
[WhiteElo "2416"]
[BlackElo "2182"]
[PlyCount "148"]
[EventDate "1999.??.??"]

1. d4 d5 2. c4 e6 3. Nc3 c6 4. Bg5 Qxg5 5. e3 Qd8 6. Bd3 Nf6 7. cxd5 exd5 8.
Nf3 Bg4 9. Qb3 Qb6 10. Qxb6 axb6 11. Ne5 Nbd7 12. Nxg4 Nxg4 13. Bf5 Ngf6 14.
O-O g6 15. Bh3 Bb4 16. a3 Bxc3 17. bxc3 b5 18. f3 Ra4 19. e4 O-O 20. e5 Rfa8
21. exf6 Nxf6 22. g4 Rxa3 23. Rxa3 Rxa3 24. g5 Nh5 25. Rc1 Nf4 26. Bf1 Ra2 27.
h4 Kg7 28. Rb1 Rc2 29. Rb3 h6 30. Ra3 hxg5 31. hxg5 Ne6 32. Bh3 Nxg5 33. Bg2
Ne6 34. Rb3 Nf4 35. Bf1 Kf6 36. Ra3 Ke6 37. Rb3 Kd6 38. Ra3 f5 39. Rb3 Ne2+ 40.
Bxe2 Rxe2 41. Kf1 Ra2 42. Kg1 g5 43. Kf1 g4 44. fxg4 fxg4 45. Rb1 Ra3 46. Rc1
c5 47. Ke2 b4 48. dxc5+ Kxc5 49. cxb4+ Kxb4 50. Rg1 g3 51. Rb1+ Rb3 52. Rc1 b5
53. Rd1 Kc4 54. Ra1 b4 55. Rh1 d4 56. Rh7 Re3+ 57. Kd2 b3 58. Rc7+ Kd5 59. Rd7+
Ke4 60. Re7+ Kf3 61. Rf7+ Kg2 62. Kc1 Re2 63. Rd7 b2+ 64. Kb1 Rd2 65. Rf7 Kg1
66. Ka2 g2 67. Rf6 Rf2 68. Rd6 Kf1 69. Rc6 g1=Q 70. Rc5 Qg8+ 71. Kb1 Qg6+ 72.
Ka2 b1=Q+ 73. Ka3 Qa6+ 74. Ra5 74... Ra2# {Hossa checkmated} 0-1

[Event "ICS rated blitz match"]
[Site "207.99.83.229"]
[Date "1999.07.17"]
[Round "?"]
[White "matar"]
[Black "Hossa"]
[Result "1-0"]
[WhiteElo "2207"]
[BlackElo "2391"]
[PlyCount "121"]
[EventDate "1999.??.??"]

1. e4 Nf6 2. e5 Nd5 3. c4 Nb6 4. c5 Nd5 5. Nc3 Nxc3 6. dxc3 Nc6 7. Nf3 g6 8.
Bf4 Bg7 9. Qd2 f6 10. exf6 Bxf6 11. O-O-O b6 12. Bc4 bxc5 13. h4 Rb8 14. Bg5
Rf8 15. h5 Bxg5 16. Nxg5 d6 17. Nxh7 Ne5 18. Bd5 c4 19. Nxf8 Nd3+ 20. Qxd3 cxd3
21. hxg6 e5 22. Bf7+ Ke7 23. Rh7 Kf6 24. Rxd3 Bf5 25. Rf3 Qxf8 26. g4 Kg5 27.
gxf5 e4 28. Rg3+ Kxf5 29. Bd5 Ke5 30. Rh5+ Kf4 31. g7 Qf6 32. g8=Q Rxg8 33.
Rxg8 Kf3 34. Rgg5 Kf4 35. Rf5+ Qxf5 36. Rxf5+ Kxf5 37. Kd2 Ke5 38. Bb7 d5 39.
Ke3 c5 40. b4 cxb4 41. cxb4 d4+ 42. Kd2 Kf5 43. a4 Kf4 44. b5 Kf3 45. a5 Kg4
46. Bxe4 Kg5 47. b6 a6 48. b7 Kh6 49. b8=Q Kg7 50. Qe5+ Kf7 51. Qd6 d3 52. Bd5+
Kg7 53. Qe7+ Kg6 54. f4 Kh6 55. Qg5+ Kh7 56. Be4+ Kh8 57. Bf3 Kh7 58. Bg4 Kh8
59. f5 Kh7 60. f6 Kh8 61. Qg7# {Hossa checkmated} 1-0

[Event "ICS rated blitz match"]
[Site "207.99.83.229"]
[Date "1999.07.17"]
[Round "?"]
[White "matar"]
[Black "Hossa"]
[Result "1-0"]
[WhiteElo "2221"]
[BlackElo "2377"]
[PlyCount "62"]
[EventDate "1999.??.??"]

1. e4 Nf6 2. e5 Nd5 3. c4 Nb6 4. c5 Nd5 5. Nc3 Nxc3 6. dxc3 Nc6 7. Nf3 g6 8.
Bf4 Bg7 9. Qd2 f6 10. exf6 Bxf6 11. O-O-O b6 12. h4 bxc5 13. h5 Rb8 14. hxg6
hxg6 15. Rxh8+ Bxh8 16. Bd3 Kf7 17. Rh1 Bb7 18. Ng5+ Kg8 19. Rxh8+ Kxh8 20.
Nf7+ Kg7 21. Nxd8 Rxd8 22. Bh6+ Kh8 23. Qg5 Rg8 24. Qh4 Rg7 25. Bxg7+ Kxg7 26.
Qg5 a5 27. Qxg6+ Kf8 28. Qh6+ Kf7 29. Qg6+ Kf8 30. Qf5+ Ke8 31. Qxc5 31... Kd8
{Hossa resigns} 1-0

[Event "ICS rated blitz match"]
[Site "207.99.83.229"]
[Date "1999.07.17"]
[Round "?"]
[White "Hossa"]
[Black "matar"]
[Result "0-1"]
[WhiteElo "2354"]
[BlackElo "2244"]
[PlyCount "85"]
[EventDate "1999.??.??"]

1. d4 d5 2. c4 e6 3. Nc3 c6 4. Bg5 Qxg5 5. e3 Qd8 6. Bd3 Nf6 7. cxd5 exd5 8.
Nf3 Bg4 9. Qb3 Qb6 10. Qxb6 axb6 11. Ne5 Bh5 12. Bf5 Nbd7 13. Nxd7 Nxd7 14.
Bxd7+ Kxd7 15. O-O Bb4 16. Rfb1 Bg6 17. Rc1 b5 18. Ne2 Ra4 19. a3 Rha8 20. Rd1
Bd6 21. Nc3 R4a6 22. Rac1 b4 23. axb4 Bxb4 24. f3 Bxc3 25. bxc3 Ra2 26. Re1 Rb2
27. Kh1 Raa2 28. Rg1 Bh5 29. Ra1 Kd6 30. Rxa2 Rxa2 31. g4 Bg6 32. h4 f6 33. Re1
Rc2 34. h5 Bf7 35. Rb1 Kc7 36. Rb3 Re2 37. Ra3 Rxe3 38. Kg2 h6 39. Kf2 Re8 40.
Ra5 Rb8 41. Kg3 b6 42. Ra7+ Rb7 43. Ra6 {Hossa resigns} 0-1

[Event "ICS rated blitz match"]
[Site "207.99.83.229"]
[Date "1999.07.17"]
[Round "?"]
[White "matar"]
[Black "Hossa"]
[Result "1-0"]
[WhiteElo "2265"]
[BlackElo "2333"]
[PlyCount "56"]
[EventDate "1999.??.??"]

1. e4 Nf6 2. e5 Nd5 3. c4 Nb6 4. c5 Nd5 5. Nc3 Nxc3 6. dxc3 Nc6 7. Nf3 g6 8.
Bf4 Bg7 9. Qd2 f6 10. exf6 Bxf6 11. O-O-O b6 12. h4 bxc5 13. h5 e5 14. Be3 e4
15. Ng5 Qe7 16. hxg6 hxg6 17. Rxh8+ Bxh8 18. Qd5 Kf8 19. Bc4 Qe8 20. Nxe4 Qe6
21. Bxc5+ Kg8 22. Qd3 d6 23. Bxe6+ Bxe6 24. Ng5 Ne5 25. Qe4 Re8 26. Bd4 Bxa2
27. Bxe5 Rxe5 28. Qxg6+ 28... Bg7 {Hossa resigns} 1-0

[Event "ICS rated blitz match"]
[Site "207.99.83.229"]
[Date "1999.07.17"]
[Round "?"]
[White "Hossa"]
[Black "matar"]
[Result "0-1"]
[WhiteElo "2314"]
[BlackElo "2284"]
[PlyCount "57"]
[EventDate "1999.??.??"]

1. d4 d5 2. c4 e6 3. Nc3 c6 4. Bg5 Qxg5 5. e3 Qd8 6. Bd3 Nf6 7. cxd5 exd5 8.
Nf3 Bg4 9. Qb3 Qb6 10. Qxb6 axb6 11. Ne5 Bh5 12. Bf5 Nbd7 13. Nxd7 Nxd7 14.
Bxd7+ Kxd7 15. O-O Bb4 16. Rfb1 Ra6 17. f3 Rha8 18. a3 Bxc3 19. bxc3 b5 20. Rb3
Bg6 21. e4 dxe4 22. fxe4 Bxe4 23. c4 bxc4 24. Rxb7+ Kd6 25. Rxf7 Rxa3 26. Re1
Ra1 27. Rff1 Rxe1 28. Rxe1 Kd5 29. Kf2 {Hossa resigns} 0-1

[Event "ICS rated blitz match"]
[Site "207.99.83.229"]
[Date "1999.07.17"]
[Round "?"]
[White "occam"]
[Black "Hossa"]
[Result "0-1"]
[WhiteElo "2342"]
[BlackElo "2297"]
[PlyCount "160"]
[EventDate "1999.??.??"]

1. Nf3 Nc6 2. e4 e5 3. Nc3 Bb4 4. Nd5 Nf6 5. Nxb4 Nxb4 6. c3 Nc6 7. d4 exd4 8.
e5 Qe7 9. cxd4 Ne4 10. Bd3 Qb4+ 11. Kf1 d5 12. Kg1 O-O 13. Qb3 Bg4 14. Qxb4
Nxb4 15. Ne1 Nxd3 16. Nxd3 Bf5 17. f3 Ng3 18. hxg3 Bxd3 19. Bd2 Rad8 20. Rd1
Bc4 21. b3 Bb5 22. a4 Be2 23. Re1 Bd3 24. Re3 Bf5 25. g4 Bd7 26. Ba5 b6 27. Bb4
Rfe8 28. Rc3 Rc8 29. Rh5 g6 30. Rh6 c5 31. dxc5 a5 32. c6 axb4 33. cxd7 bxc3
34. Rh1 d4 35. Kf2 d3 36. f4 c2 37. dxe8=Q+ Rxe8 38. Ke3 Rd8 39. Kd2 Rd4 40. g3
Rd7 41. g5 Rd4 42. Rg1 Kg7 43. Rh1 Kf8 44. Kc3 Rd5 45. Kd2 Kg7 46. g4 Rd4 47.
f5 Rxg4 48. f6+ Kg8 49. Kxd3 Rxg5 50. Re1 Rg2 51. Rc1 h5 52. Rxc2 Rxc2 53. Kxc2
h4 54. a5 bxa5 55. e6 fxe6 56. b4 axb4 57. Kb3 h3 58. Kxb4 Kf7 59. Kc5 h2 60.
Kd4 h1=Q 61. Kc5 Qb7 62. Kd4 Qb2+ 63. Kc5 Qe5+ 64. Kc4 Qc3+ 65. Kxc3 e5 66. Kd3
Kxf6 67. Ke4 g5 68. Kf3 Kf5 69. Kg3 Ke4 70. Kg4 Kd3 71. Kxg5 e4 72. Kf5 e3 73.
Ke5 e2 74. Kf6 e1=Q 75. Kf5 Qe7 76. Kf4 Ke2 77. Kf5 Kf3 78. Kg6 Kg4 79. Kh6 Kf5
80. Kh5 80... Qh7# {occam checkmated} 0-1

[Event "ICS Rated blitz match"]
[Site "207.99.83.229"]
[Date "1999.07.18"]
[Round "?"]
[White "robbok1"]
[Black "Hossa"]
[Result "1-0"]
[WhiteElo "2537"]
[BlackElo "2322"]
[PlyCount "132"]
[EventDate "1999.??.??"]

1. e4 Nf6 2. e5 Nd5 3. c4 Nb6 4. c5 Nd5 5. Nc3 Nxc3 6. dxc3 Nc6 7. Nf3 g6 8.
Bc4 Bg7 9. Bf4 O-O 10. O-O b6 11. cxb6 axb6 12. Re1 Ra5 13. b4 Ra7 14. Qb3 e6
15. Rad1 Qe7 16. Bg5 f6 17. exf6 Bxf6 18. Bh6 Bg7 19. Bxg7 Qxg7 20. a4 Rxf3 21.
gxf3 Qf6 22. Re3 Nd8 23. Bf1 Kh8 24. Bg2 Nc6 25. b5 Nd8 26. f4 Kg8 27. Qc4 Qf8
28. Qd4 Ra5 29. Qe5 d6 30. Qd4 Bd7 31. Qc4 Ra7 32. a5 Qe7 33. a6 Qf7 34. f5
Qxf5 35. Qh4 Nf7 36. c4 Ng5 37. f4 Nf7 38. Rdd3 c6 39. Bh3 Qc5 40. Qe7 cxb5 41.
Bxe6 Bxe6 42. Qxa7 Bxc4 43. Qa8+ Kg7 44. Qe4 Bxd3 45. Qxd3 b4 46. a7 Qc1+ 47.
Kf2 Qa1 48. Re7 Qa2+ 49. Ke3 b5 50. Qd4+ Kf8 51. Re8+ Kxe8 52. Qe4+ Kd7 53.
a8=Q Qb3+ 54. Kf2 Qb2+ 55. Qe2 Qxe2+ 56. Kxe2 b3 57. Qa7+ Ke6 58. Qe3+ Kf6 59.
Qxb3 b4 60. Qxb4 Ke7 61. Qe4+ Kf8 62. Kd3 Kg8 63. Qe6 Kg7 64. Ke4 Kf8 65. Kd5
Kg7 66. Qe7 66... Kg8 {Hossa resigns} 1-0

[Event "ICS Rated blitz match"]
[Site "207.99.83.229"]
[Date "1999.07.18"]
[Round "?"]
[White "Hossa"]
[Black "robbok1"]
[Result "0-1"]
[WhiteElo "2315"]
[BlackElo "2544"]
[PlyCount "87"]
[EventDate "1999.??.??"]

1. d4 Nf6 2. c4 c5 3. d5 b5 4. Nc3 b4 5. Na4 d6 6. Nf3 Bf5 7. a3 a5 8. e3 e5 9.
Be2 Be7 10. O-O Nbd7 11. Nh4 Bg6 12. Nxg6 hxg6 13. Bd3 e4 14. Be2 Qc7 15. f3
exf3 16. Rxf3 Ne5 17. Rf4 g5 18. Rf5 g6 19. Rxg5 Ne4 20. Rxe5 dxe5 21. axb4
axb4 22. Bd3 Nd6 23. Qf3 e4 24. Bxe4 Nxe4 25. Qxe4 Qxh2+ 26. Kf2 Rh4 27. Qf3
Ra6 28. d6 Qxd6 29. b3 Rh5 30. Ke2 Bf6 31. Ra2 Qe7 32. Rd2 Rf5 33. Qg4 Rxa4 34.
bxa4 Qe6 35. Qg3 Qxc4+ 36. Rd3 Be5 37. Qh3 Qxc1 38. g4 Qb2+ 39. Rd2 Rf2+ 40.
Kxf2 Qxd2+ 41. Kf3 Qd5+ 42. Kf2 Qa2+ 43. Kf3 Qxa4 44. g5 {Hossa resigns} 0-1